000 00514nam a2200157 a 4500
001 000025700
005 20200930024001.0
008 110221s1993 dr 000 0 spa d
040 _aDO-SdBNP
_bspa
_cBNPHU
100 1 _aCerda, Nelson
_952466
245 0 _aEn los laberintos del ser.
260 _aSantiago, República Dominicana :
_bUnión de Escritores de Santiago
_bEdiciones El Yunque,
_c1993.
_fEditora Mariel
300 _a77 p. :
_bil. ;
_c21 cm.
586 _aPrimer premio concurso literario
049 _aBNPD
999 _c25192
_d25192